Journal of Electronic Materials

Gespeichert in:
Bibliographische Detailangaben
Format: Schriftenreihe
Veröffentlicht: 1999
Tags: Tag hinzufügen
Keine Tags, Fügen Sie das erste Tag hinzu!

MARC

LEADER 00000nas a22000003a 4500
001 stu62394
005 20141122004940.4
008 011106s1999----------------------------d
040 |a STU  |b slo 
041 0
245 |a Journal of Electronic Materials 
260 |c 1999 
500 |a 1-10 /CH: 11,12 
500 |a 12 
500 |a 1999 
773 0 |t Journal of Electronic Materials  |w stu_us_cat*stu59948  |x 0361-5235  |7 nnas 
996 |d Vol. 28, 1999  |v Vol. 28  |y 1999  |l EE0103  |s A  |a 24  |w stu62394_0001